[Event "SportAccord Basque Women 2013"]
[Site "Beijing CHN"]
[Date "2013.12.17"]
[Round "1.1"]
[White "Cramling,P"]
[Black "Koneru,H"]
[Result "1/2-1/2"]
[WhiteElo "2525"]
[BlackElo "2607"]

1.d4 Nf6 2.Nf3 e6 3.c4 Bb4+ 4.Nbd2 b6 5.a3 Bxd2+ 6.Qxd2 O-O 7.g3 Bb7 8.Bg2 d5
9.Qc2 dxc4 10.Qxc4 Bd5 11.Qc3 Nbd7 12.O-O c5 13.dxc5 Nxc5 14.Bg5 Nfe4 15.Qxc5 Nxc5
16.Bxd8 Rfxd8 17.b4 Ne4 18.Rfc1 Rac8 19.Rxc8 Rxc8 20.Nd4 a6 21.e3 Kf8 22.h4 Nf6
23.Bxd5 Nxd5 24.Kg2 h5 25.Kf3 Ke7 26.Ke2 g6 27.Kd2 e5 28.Nf3 f6 29.Rc1 Rxc1
30.Kxc1 Nc3 31.Nd2 Kd6 32.Kc2 Nd5 33.Nc4+ Kc6 34.Nd2 Kd6 35.Nc4+ Kc6 36.Nd2 Kd6
37.Nc4+ Kc6  1/2-1/2